Thiết kế mạch mạch đồng hồ điện tử dùng vi điều khiển 8051
Giới thiệu linh kiện. Cấu trúc phần cứng của mạch đồng hồ điện tử. Thiết kế phần mềm.
সংরক্ষণ করুন:
| প্রধান লেখক: | |
|---|---|
| অন্যান্য লেখক: | , |
| বিন্যাস: | গ্রন্থ |
| প্রকাশিত: |
Đà Nẵng
Đại học Sư phạm, Đại học Đà Nẵng
2012
|
| বিষয়গুলি: | |
| ট্যাগগুলো: |
ট্যাগ যুক্ত করুন
কোনো ট্যাগ নেই, প্রথমজন হিসাবে ট্যাগ করুন!
|
| Thư viện lưu trữ: | Mạng thư viện Đại học Đà Nẵng |
|---|
| LEADER | 01710nam a2200349 4500 | ||
|---|---|---|---|
| 001 | 000017425 | ||
| 003 | 13843 | ||
| 005 | 20130416080452.0 | ||
| 008 | 130416s2012 sd | ||
| 082 | |a 621.3815 |b NG-T | ||
| 100 | 1 | |a Nguyễn Thị Kim Thoa | |
| 245 | |a Thiết kế mạch mạch đồng hồ điện tử dùng vi điều khiển 8051 |c Nguyễn Thị Kim Thoa, Trịnh Hải Thanh Hoa ; Lê Xứng hướng dẫn |k Khóa luận tốt nghiệp | ||
| 260 | |a Đà Nẵng |b Đại học Sư phạm, Đại học Đà Nẵng |c 2012 | ||
| 300 | |a 38 tr. |c 29 cm. |e Đĩa CD, bản tóm tắt | ||
| 500 | |a Khóa luận tốt nghiệp đại học. Chuyên ngành: Cử nhân Vật Lý | ||
| 504 | |a Mục lục đầu trang, tài liệu tham khảo tr. 73 - 74, phụ lục [13 tr.] | ||
| 520 | |a Giới thiệu linh kiện. Cấu trúc phần cứng của mạch đồng hồ điện tử. Thiết kế phần mềm. | ||
| 600 | 1 | 4 | |b Vua |c Đinh Tiên Hoàng |
| 650 | 0 | 4 | |a Thiết kế mạch |v Khóa luận tốt nghiệp |x Nghiên cứu |
| 653 | |a Khoa Vật lý |a Đồng hồ điện tử |a Vi điều khiển 8051 |a Thiết kế mạch | ||
| 700 | |a Lê Xứng |e Hướng dẫn | ||
| 700 | |a Trịnh Hải Thanh Hoa | ||
| OWN | |a LSP | ||
| AVA | |a UDN50 |b LSP |d 621.3815 NG-T |e available |t Error 5001 Not defined in file expand_doc_bib_avail. |f 1 |g 0 |h N |i 0 |k 1 | ||
| 999 | |a From the UDN01 | ||
| AVA | |a UDN50 |b LSP |d 621.3815 NG-T |e available |t Error 5001 Not defined in file expand_doc_bib_avail. |f 1 |g 0 |h N |i 0 |k 1 | ||
| TYP | |a Monograph | ||
| TYP | |a Printed language | ||
| 980 | |a Mạng thư viện Đại học Đà Nẵng | ||